000 00565nam a2200181Ia 4500
008 151018s9999 xx 000 0 und d
082 _bRBASDV17969
_a891.463
100 _aप्रभा पार्दीकर
245 _aचैत्राली
250 _b1
260 _bसंतोष साहित्य
_c1982
300 _a112
600 _aप्रभा पार्दीकर
630 _aचैत्राली
700 _aप्रभा पार्दीकर
730 _aचैत्राली
942 _cBOOK
999 _c1018640
_d1018637